01124cam a2200277 i 450000100090000000300040000900500170001300800410003001000170007102000180008803500130010604000280011904200080014705000240015508200150017910000350019424502360022926400640046530000230052933600260055233700280057833800270060650400410063365000230067477601490069720708474OSt20260319142043.0181016s2018 inu b 000 0 eng  a 2018049605 a9781632573223 a20708474 aDLCbengcDLCerdadDLC apcc00aBV4011.3b.H69 201800a253/.22231 aHoward, Denny,d1955-eauthor.10aAt full strength :bnavigating the risks all pastors face : the complete survival guide for those who serve in ministry and other caregiving vocations /cDenny Howard, LMHC, LMFT, Licensed Clinical Counselor, with Hugh White, MDiv. 1aIndianapolis, Indiana :bWesleyan Publishing House,c[2018] a320 pages ;c22 cm atextbtxt2rdacontent aunmediatedbn2rdamedia avolumebnc2rdacarrier aIncludes bibliographical references. 0aPastoral theology.08iOnline version:aHoward, Denny, 1955- author.tAt full strengthdIndianapolis : Wesleyan Publishing House, 2019z9781632573230w(DLC) 2018050413